| 000 | 00568pab a2200193 454500 | ||
|---|---|---|---|
| 008 | 180718b2010 xxu||||| |||| 00| 0 eng d | ||
| 100 | _aShin, Kwang-Yeong | ||
| 245 | _aGlobalization and the working class in South Korea: contestation, fragmentation and renewal | ||
| 260 | _c2010 | ||
| 300 | _ap.211-29. | ||
| 362 | _aMay | ||
| 650 | _aSocial movements - South Korea | ||
| 650 | _aDemocratization - South Korea | ||
| 650 | _aGlobalization - South Korea | ||
| 650 | _aGlobalization | ||
| 773 | _aJournal of Contemporary Asia | ||
| 908 | _aN | ||
| 909 | _a86594 | ||
| 999 |
_c86594 _d86594 |
||